000 00635naa a2200217 i 4500
001 39311
003 ES-MaBCM
005 20241016104209.0
008 960226s1995 fra 000 0 fre d
021 _axx
035 _a(OCoLC)1365270960
040 _cES-MaBCM
041 0 _afre
043 _afra
100 1 _aRaynaud, Jean
_938758
245 1 3 _aLa Cour des Comptes et la Constitution de la République
_cJean Raynaud
650 2 7 _aTribunal de Cuentas
_960536
651 4 _aFrancia
_9115364
773 0 _aEn:
_tRevue française de droit constitutionnel
_dParis : 1995
_w104805
_gnº 23, p. 651-658. - Loc. S.245
942 _cAREV
999 _c39311
_d39311